00451nam a2200181Ia 4500003000400000005001700004008004100021020001800062040000700080041000800087082002100095100002800116245005200144250000600196260003700202300001700239365001300256OSt20230511161039.0210423s2011 xx 000 0 und d a9789350250167 cAL aeng a574.192 VASD223 aVASUDEVAN (D M);others. aTextbook of biochemistry: for medical students. a6 aNew DelhibJaypee Brothersc2011 axvii,657bPB b725cINR